Real Betis 2025/26 - Estadísticas

Estadísticas generales
  • Esta prueba ha sido intentada 71 veces
    32 desde el último reinicio
  • La puntuación promedio es 23 de 27
Estadísticas de respuestas
Dorsal Jugador % Correcto
1 Álvaro Valles
96%
7 Antony
96%
2 Héctor Bellerín
96%
13 Adrián San Miguel
88%
24 Aitor Ruibal
88%
40 Ángel Ortiz
88%
3 Diego Llorente
88%
10 Ez Abde
88%
22 Isco Alarcón
88%
5 Marc Bartra
88%
6 Sergi Altimira
88%
15 Álvaro Fidalgo
83%
19 Cucho Hernández
83%
21 Marc Roca
83%
4 Natan
83%
8 Pablo Fornals
83%
52 Pablo García
83%
17 Rodrigo Riquelme
83%
11 Cédric Bakambu
79%
9 Chimy Ávila
79%
20 Giovanni Lo Celso
79%
12 Ricardo Rodríguez
79%
16 Valentín Gómez
79%
23 Junior Firpo
75%
25 Pau López
75%
18 Nelson Deossa
71%
14 Sofyan Amrabat
71%
No se encontraron pruebas coincidentes
Distribución de puntuación
Porcentaje de gente con cada puntuación
Porcentaje por número respondido
Historial de tus puntuaciones
No has intentado esta prueba desde el último reinicio